Normal view
MARC view
Entry Topical Term
001 - CONTROL NUMBER
- control field: 1234873
003 - CONTROL NUMBER IDENTIFIER
- control field: OSt
005 - DATE AND TIME OF LATEST TRANSACTION
- control field: 20260415170804.0
008 - FIXED-LENGTH DATA ELEMENTS
- fixed length control field: 260415|| aca||aabn | a|a d
040 ## - CATALOGING SOURCE
- Original cataloging agency: OSt
- Transcribing agency: OSt
150 ## - HEADING--TOPICAL TERM
- Topical term or geographic name entry element: Social Classes-Great Britain
670 ## - SOURCE DATA FOUND
- Source citation: Work cat.: (OSt)1679917: Paton, Kirsteen 1234872, Class and everyday life, 2024.
